[Event "POR-ch Blitz"]
[Site "Viseu"]
[Date "2022.06.11"]
[Round "9"]
[White "Amaro, Goncalo Ferreira"]
[Black "Veiga, Jose Francisco RP"]
[Result "0-1"]
[WhiteElo "1708"]
[BlackElo "2377"]
[PlyCount "48"]
[EventDate "2022.06.11"]
[EventType "swiss (blitz)"]
[EventRounds "11"]
[EventCountry "POR"]
[SourceTitle "CBM 208 Extra"]
[Source "ChessBase"]
[SourceDate "2022.07.31"]
[SourceVersion "1"]
[SourceVersionDate "2022.07.31"]
[SourceQuality "1"]

1. e4 e5 2. Nf3 Nc6 3. d4 exd4 4. Bc4 Bc5 5. 0-0 Nf6 6. e5 d5 7. exf6 dxc4 8. Re1+ Kf8 9. Bg5 gxf6 10. Bh6+ Kg8 11. Nbd2 Be6 12. Ne4 Bf8 13. Qd2 f5 14. Bg5 Be7 15. Bxe7 Qxe7 16. Neg5 Rd8 17. Qf4 h6 18. Nh3 Rd6 19. Nh4 Qf6 20. f3 Rh7 21. Re2 Rg7 22. Rae1 Ne7 23. g3 Nd5 24. Qc1 Qxh4 0-1